Magisterio español, El
Descripción Física:
2 vols. enquadernats ; periodicitat: sis cops per setmana, amb irregularitats ; 28 cm.
Idioma:
Español
MARC
| LEADER | 00000nas a2200000 a 4500 | ||
|---|---|---|---|
| 001 | 14523, 14524 | ||
| 003 | Arxiu | ||
| 005 | 20260324181036.0 | ||
| 008 | 160829s9999 xx 000 0 cat d | ||
| 022 | |a 1131-8333 | ||
| 040 | |a agdb | ||
| 041 | |a spa | ||
| 080 | |a Revistes | ||
| 245 | |a Magisterio español, El | ||
| 260 | |a Madrid : |b Magisterio Español ; |c [1866] - | ||
| 300 | |a 2 vols. enquadernats ; |c periodicitat: sis cops per setmana, amb irregularitats ; |b 28 cm. | ||
| 310 | |a Sis cops per setmana | ||
| 366 | |a Any 1947 ; Any 1949 | ||
| 590 | |a Descripció basada en: No. 7420 (1 enero 1947). | ||
| 590 | |a Suplement: La Escuela en acción, ISSN 0212-2707 | ||
| 650 | |a Ensenyament |x Revistes |9 30289 | ||
| 655 | 0 | |9 55823 |a Revistes | |
| 866 | |a 1947 | ||
| 866 | |a 1949 | ||
| 901 | |a Arxiu | ||
| 942 | |n 1 |2 udc |c REV | ||
| 952 | |0 0 |1 0 |2 udc |4 0 |7 1 |9 45366 |a Arxiu |b Arxiu |d 2016-12-01 |h Any 1947 |o Rev-318 |p 14523 |r 2016-12-01 00:00:00 |w 2016-12-01 |y ARXIU |z Incomplet | ||
| 952 | |0 0 |1 0 |2 udc |4 0 |7 1 |9 64002 |a Arxiu |b Arxiu |d 2022-10-17 |h Any 1949 |o Rev-319 |p 14524 |r 2022-10-17 00:00:00 |w 2022-10-17 |y ARXIU |z Incomplet | ||
| 999 | |c 48440 |d 48440 | ||